| 000 | 01089cam a22003257a 4500 | ||
|---|---|---|---|
| 999 |
_c6230 _d6230 |
||
| 001 | 16845052 | ||
| 003 | OSt | ||
| 005 | 20190116120254.0 | ||
| 008 | 110627s2011 pau b 000 0 eng d | ||
| 010 | _a 2011282525 | ||
| 020 | _a9780768437362 (pbk.) | ||
| 020 | _a0768437369 (pbk.) | ||
| 035 | _a(OCoLC)ocn697261406 | ||
| 040 |
_aBTCTA _beng _cBTCTA _dKNJ _dDLC |
||
| 042 | _alccopycat | ||
| 050 | 0 | 0 |
_aBV4501.3 _b.A447 2011 |
| 082 | 0 | 0 |
_a248.2 _223 _bA425G |
| 100 | 1 |
_aAllen, B. D. _q(Bruce D.) |
|
| 245 | 1 | 0 |
_aGazing into glory : _bevery believer's birthright to walk in the supernatural / _cBruce D. Allen. |
| 260 |
_aShippensburg, PA : _bDestiny Image Publishers, _cc2011. |
||
| 300 |
_a251 p. ; _c23 cm. |
||
| 504 | _aIncludes bibliographical references. | ||
| 650 | 0 |
_aChristian life _xPentecostal authors. |
|
| 650 | 0 | _aSpirituality. | |
| 650 | 0 |
_aGod (Christianity) _xKnowableness. |
|
| 650 | 0 | _aPrivate revelations. | |
| 906 |
_a7 _bcbc _ccopycat _d3 _encip _f20 _gy-gencatlg |
||
| 942 |
_2ddc _cBK |
||